<?xml version="1.0" encoding="UTF-8"?><marc:collection xmlns:marc="http://www.loc.gov/MARC21/slim">
  <marc:record>
    <marc:leader>00000nam##2200000za#4500</marc:leader>
    <marc:controlfield tag="001">9.574671</marc:controlfield>
    <marc:controlfield tag="003">CaOODSP</marc:controlfield>
    <marc:controlfield tag="005">20210624184310</marc:controlfield>
    <marc:controlfield tag="007">cr |||||||||||</marc:controlfield>
    <marc:controlfield tag="008">150406|2000||||xxc|||||o    f|0| 0 eng|d</marc:controlfield>
    <marc:datafield tag="022" ind1=" " ind2=" ">
      <marc:subfield code="a">1205-9153</marc:subfield>
    </marc:datafield>
    <marc:datafield tag="040" ind1=" " ind2=" ">
      <marc:subfield code="a">CaOODSP</marc:subfield>
      <marc:subfield code="b">eng</marc:subfield>
    </marc:datafield>
    <marc:datafield tag="043" ind1=" " ind2=" ">
      <marc:subfield code="a">n-cn---</marc:subfield>
    </marc:datafield>
    <marc:datafield tag="086" ind1="1" ind2=" ">
      <marc:subfield code="a">CS11-0019/146E-PDF</marc:subfield>
    </marc:datafield>
    <marc:datafield tag="245" ind1="0" ind2="0">
      <marc:subfield code="a">To what extent are Canadians exposed to low-income? / </marc:subfield>
      <marc:subfield code="h">[electronic resource]</marc:subfield>
      <marc:subfield code="c">by René Morissette and Marie Drolet. </marc:subfield>
    </marc:datafield>
    <marc:datafield tag="260" ind1=" " ind2=" ">
      <marc:subfield code="a">Ottawa - Ontario : </marc:subfield>
      <marc:subfield code="b">Statistics Canada </marc:subfield>
      <marc:subfield code="c">April 2000.</marc:subfield>
    </marc:datafield>
    <marc:datafield tag="300" ind1=" " ind2=" ">
      <marc:subfield code="a">40p.</marc:subfield>
      <marc:subfield code="b">graphs, references, tables</marc:subfield>
    </marc:datafield>
    <marc:datafield tag="490" ind1="1" ind2=" ">
      <marc:subfield code="a">Analytical Studies Branch research paper series</marc:subfield>
      <marc:subfield code="x">1205-9153</marc:subfield>
      <marc:subfield code="v">No. 146</marc:subfield>
    </marc:datafield>
    <marc:datafield tag="500" ind1=" " ind2=" ">
      <marc:subfield code="a">The catalogue number (11F0019MPE) and ISBN (0-660-18061-8) for the print edition have been incorrectly copied in this electronic publication.</marc:subfield>
    </marc:datafield>
    <marc:datafield tag="520" ind1="3" ind2=" ">
      <marc:subfield code="a">The goal of this paper is to present basic facts regarding the extent to which Canadians are exposed to low-income during a 4-year time interval. That is, we analyse the percentage of individuals who had low-income for 0,1,2,3 or 4 years during the 1993-1996 period.--Introduction</marc:subfield>
    </marc:datafield>
    <marc:datafield tag="590" ind1=" " ind2=" ">
      <marc:subfield code="a">12-35-Supp</marc:subfield>
      <marc:subfield code="b">2012-08-09</marc:subfield>
    </marc:datafield>
    <marc:datafield tag="710" ind1="2" ind2=" ">
      <marc:subfield code="a">Statistics Canada.</marc:subfield>
    </marc:datafield>
    <marc:datafield tag="720" ind1="1" ind2=" ">
      <marc:subfield code="a">Morissette, René</marc:subfield>
    </marc:datafield>
    <marc:datafield tag="720" ind1="1" ind2=" ">
      <marc:subfield code="a">Drolet, Marie</marc:subfield>
    </marc:datafield>
    <marc:datafield tag="775" ind1="0" ind2="8">
      <marc:subfield code="t">Dans quelle mesure les Canadiens sont-ils exposés aux faible revenu? / </marc:subfield>
      <marc:subfield code="w">(CaOODSP)9.604406</marc:subfield>
    </marc:datafield>
    <marc:datafield tag="776" ind1="0" ind2="#">
      <marc:subfield code="t">To what extent are Canadians exposed to low-income? / </marc:subfield>
      <marc:subfield code="w">(CaOODSP)9.615057</marc:subfield>
    </marc:datafield>
    <marc:datafield tag="830" ind1="#" ind2="0">
      <marc:subfield code="a">Research paper series (Statistics Canada. Analytical Studies Branch)</marc:subfield>
      <marc:subfield code="x">1205-9153</marc:subfield>
      <marc:subfield code="v">No. 146</marc:subfield>
      <marc:subfield code="w">(CaOODSP)9.504421</marc:subfield>
    </marc:datafield>
    <marc:datafield tag="856" ind1="4" ind2="0">
      <marc:subfield code="a">http://publications.gc.ca</marc:subfield>
      <marc:subfield code="q">PDF</marc:subfield>
      <marc:subfield code="s">184 KB</marc:subfield>
      <marc:subfield code="u">https://publications.gc.ca/collections/Collection/CS11-0019-146E.pdf</marc:subfield>
      <marc:subfield code="y">No. 146</marc:subfield>
    </marc:datafield>
  </marc:record>
</marc:collection>
